header

Matheseos (Record no. 105876)

MARC details
000 -LEADER
fixed length control field 01431nam a2200337 a 4500
100 1# - MAIN ENTRY--AUTHOR NAME
Personal name Firmicus Maternus, Julius.
245 10 - TITLE STATEMENT
Title Matheseos
250 ## - EDITION STATEMENT
Edition statement Editio stereotypa editionis anni [1913].
260 ## - PUBLICATION, DISTRIBUTION, ETC. (IMPRINT)
Place of publication Stuttgart :
Name of publisher B.G. Teubner,
Year of publication 1968.
300 ## - PHYSICAL DESCRIPTION
Number of Pages lxvii, 567 p.
490 0# - SERIES STATEMENT
Series statement Matheseos ;
650 #0 - SUBJECT ADDED ENTRY--TOPICAL TERM
Topical Term Mathematics.
700 1# - ADDED ENTRY--PERSONAL NAME
Personal name Kroll, W.
Personal name Skutsch, F.
Personal name Ziegler, K.
856 40 - ELECTRONIC LOCATION AND ACCESS
Uniform Resource Identifier http://site.ebrary.com/lib/rucke/Doc?id=10591169

No items available.

© 2026 Rongo University
Contact us: librarian | system librarian | Rongo university